000 00497pab a2200181 454500
008 180718b2009 xxu||||| |||| 00| 0 eng d
100 _aSanyal, Kalyan
245 _aBeyond the factory: globalisation, informalisation of production and the new locations of labour
260 _c2009
300 _ap.35-44.
362 _a30 May
650 _aGlobalization
650 _aLabour
700 _aBhattacharyya, Rajesh
773 _aEconomic and Political Weekly
908 _aN
909 _a82517
999 _c82517
_d82517